Why I am Not a Hindu: A Sudra Critique of Hindutva Philosophy, Culture and Political Economy (Record no. 221265)
[ view plain ]
| 000 -LEADER | |
|---|---|
| fixed length control field | 01224nam a22002777a 4500 |
| 005 - DATE AND TIME OF LATEST TRANSACTION | |
| control field | 20250630124240.0 |
| 008 - FIXED-LENGTH DATA ELEMENTS--GENERAL INFORMATION | |
| fixed length control field | 220120b ||||| |||| 00| 0 eng d |
| 020 ## - INTERNATIONAL STANDARD BOOK NUMBER | |
| International Standard Book Number | 8185604185 |
| 040 ## - CATALOGING SOURCE | |
| Transcribing agency | AL |
| 041 ## - LANGUAGE CODE | |
| Language code of text/sound track or separate title | eng |
| 082 ## - DEWEY DECIMAL CLASSIFICATION NUMBER | |
| Edition number | 23 |
| Classification number | 294.3 |
| Item number | ILAW |
| 100 ## - MAIN ENTRY--PERSONAL NAME | |
| Personal name | Kancha Ilaiah |
| 100 ## - MAIN ENTRY--PERSONAL NAME | |
| 9 (RLIN) | 216596 |
| 245 ## - TITLE STATEMENT | |
| Title | Why I am Not a Hindu: A Sudra Critique of Hindutva Philosophy, Culture and Political Economy |
| 260 ## - PUBLICATION, DISTRIBUTION, ETC. | |
| Place of publication, distribution, etc. | Calcutta |
| Name of publisher, distributor, etc. | Samya |
| Date of publication, distribution, etc. | 1996 |
| 300 ## - PHYSICAL DESCRIPTION | |
| Extent | xii,132 p. |
| Other physical details | PB |
| Dimensions | 21x14 cm. |
| 365 ## - TRADE PRICE | |
| Price amount | 120.00 |
| Currency code | ₹ |
| Unit of pricing | 120.00 |
| 520 ## - SUMMARY, ETC. | |
| Summary, etc. | In this manifesto for the downtrodden, the author examines the socio-economic and cultural differences between the Dalitbahujans (the majority, the so-called low castes) and other Hindus in the contexts of childhood, family life, market relations, power relations, Gods and Goddesses, death and, not least, Hindutva (ideology of the Hindu Right).<br/> |
| 650 ## - SUBJECT ADDED ENTRY--TOPICAL TERM | |
| Topical term or geographic name entry element | Hinduism |
| 9 (RLIN) | 13950 |
| 650 ## - SUBJECT ADDED ENTRY--TOPICAL TERM | |
| Topical term or geographic name entry element | Controversial literature, Religion and politics ofIndia, |
| 9 (RLIN) | 13951 |
| 650 ## - SUBJECT ADDED ENTRY--TOPICAL TERM | |
| Topical term or geographic name entry element | Social life and customs |
| 9 (RLIN) | 216597 |
| 650 ## - SUBJECT ADDED ENTRY--TOPICAL TERM | |
| Topical term or geographic name entry element | Dalitization not Hinduization |
| 9 (RLIN) | 13952 |
| 650 ## - SUBJECT ADDED ENTRY--TOPICAL TERM | |
| Topical term or geographic name entry element | Neo-Kshatriyas |
| 9 (RLIN) | 13953 |
| 650 ## - SUBJECT ADDED ENTRY--TOPICAL TERM | |
| Topical term or geographic name entry element | Childhood Formation |
| 9 (RLIN) | 13954 |
| 700 ## - ADDED ENTRY--PERSONAL NAME | |
| Personal name | ILAIAH (Kancha) |
| 9 (RLIN) | 13955 |
| 942 ## - ADDED ENTRY ELEMENTS (KOHA) | |
| Source of classification or shelving scheme | Dewey Decimal Classification |
| Koha item type | George Fernandes Collections |
| Withdrawn status | Lost status | Source of classification or shelving scheme | Damaged status | Not for loan | Collection code | Home library | Current library | Date acquired | Total Checkouts | Full call number | Barcode | Date last seen | Date last checked out | Uniform Resource Identifier | Price effective from | Koha item type |
|---|---|---|---|---|---|---|---|---|---|---|---|---|---|---|---|---|
| Dewey Decimal Classification | Others | St Aloysius Library | St Aloysius Library | 03/24/2013 | 1 | 294.3 ILAW | GF00941 | 07/21/2025 | 06/30/2025 | https://theannihilationofcastereadinggroup.files.wordpress.com/2013/03/why-i-am-not-a-hindu-fr10.pdf | 01/20/2022 | George Fernandes Collections |